[Event "SRI-chB (Women)"]
[Site "Narahenpita"]
[Date "2017.05.12"]
[Round "1"]
[White "Kumari, SCT"]
[Black "Gunasekara, Ayodya Nethmini"]
[Result "1-0"]
[WhiteElo "1555"]
[BlackElo "1155"]
[PlyCount "55"]
[EventDate "2017.05.12"]
[EventType "swiss"]
[EventRounds "10"]
[EventCountry "SRI"]
[SourceTitle "CBM 178 Extra"]
[Source "ChessBase"]
[SourceDate "2017.06.22"]
[SourceVersion "1"]
[SourceVersionDate "2017.06.22"]
[SourceQuality "1"]

1. d4 d5 2. c4 e6 3. a3 c6 4. Nc3 Nf6 5. Nf3 h6 6. Bf4 Nbd7 7. e3 Be7 8. Qc2 0-0 9. Bd3 Re8 10. 0-0 Nf8 11. Rfe1 dxc4 12. Bxc4 Nd5 13. Nxd5 exd5 14. Bd3 Bd6 15. Ne5 Qf6 16. Bg3 h5 17. Nf3 Bxg3 18. hxg3 Ng6 19. e4 dxe4 20. Bxe4 Rxe4 21. Qxe4 Bf5 22. Qe3 Rc8 23. Rac1 Be6 24. Ne5 Ne7 25. Nf3 Nf5 26. Qe5 Qg6 27. Qf4 Qf6 28. Re5 1-0

[Event "Wch U18 Girls"]
[Site "Durban"]
[Date "2014.09.22"]
[Round "4"]
[White "Mynzhasarova, Kamilla"]
[Black "Kumari, SCT"]
[Result "1-0"]
[WhiteElo "1882"]
[BlackElo "1525"]
[PlyCount "41"]
[EventDate "2014.09.20"]
[EventType "swiss"]
[EventRounds "11"]
[EventCountry "RSA"]
[SourceTitle "CBM 162 Extra"]
[Source "ChessBase"]
[SourceDate "2014.10.17"]
[SourceVersion "1"]
[SourceVersionDate "2014.10.17"]
[SourceQuality "1"]

1. e4 e6 2. d4 d5 3. Nc3 Nf6 4. e5 Nfd7 5. a3 c5 6. Nf3 Nc6 7. Be3 cxd4 8. Bxd4 a6 9. Be2 Nxd4 10. Qxd4 Bc5 11. Qg4 0-0 12. Bd3 f5 13. exf6 Nxf6 14. Qh4 h6 15. 0-0 Be7 16. Qd4 Ne8 17. Bg6 Nf6 18. Rfe1 Qc7 19. Rad1 Ne4 20. Nxe4 dxe4 21. Bxe4 1-0

[Event "SRI-chB (Women)"]
[Site "Colombo"]
[Date "2014.02.26"]
[Round "2"]
[White "Kodikara, KKM Sachintha"]
[Black "Kumari, SCT"]
[Result "0-1"]
[WhiteElo "1326"]
[BlackElo "1525"]
[PlyCount "34"]
[EventDate "2014.02.26"]
[EventType "swiss"]
[EventRounds "10"]
[EventCountry "SRI"]
[SourceTitle "CBM 159 Extra"]
[Source "ChessBase"]
[SourceDate "2014.04.24"]
[SourceVersion "1"]
[SourceVersionDate "2014.04.24"]
[SourceQuality "1"]

1. d4 e6 2. e4 d5 3. exd5 exd5 4. Nf3 Nf6 5. Bd3 Bd6 6. 0-0 0-0 7. c3 Re8 8. Qc2 h6 9. h3 Nc6 10. Be3 Be6 11. Nbd2 Qd7 12. Rfe1 Kh8 13. Kf1 Nh5 14. Nb3 Bxh3 15. gxh3 Qxh3+ 16. Ke2 Nf4+ 17. Kd2 Qxf3 0-1

[Event "SRI-ch (Women)"]
[Site "Colombo"]
[Date "2013.10.04"]
[Round "7"]
[White "Kumari, SCT"]
[Black "Lenagala, Janaki"]
[Result "1-0"]
[WhiteElo "1471"]
[BlackElo "1527"]
[PlyCount "27"]
[EventDate "2013.09.27"]
[EventType "tourn"]
[EventRounds "13"]
[EventCountry "SRI"]
[SourceTitle "CBM 156 Extra"]
[Source "ChessBase"]
[SourceDate "2013.10.22"]
[SourceVersion "1"]
[SourceVersionDate "2013.10.22"]
[SourceQuality "1"]

1. d4 Nf6 2. c4 c5 3. Nf3 cxd4 4. Nxd4 e5 5. Nb3 Nc6 6. Nc3 Bb4 7. Bd2 0-0 8. e3 Bxc3 9. Bxc3 d5 10. Be2 Re8 11. 0-0 b6 12. cxd5 Nxd5 13. Qc2 Qd7 14. Rfd1 1-0

[Event "SRI-ch (Women)"]
[Site "Colombo"]
[Date "2013.09.29"]
[Round "6"]
[White "Ranasinghe, Sachini D"]
[Black "Kumari, SCT"]
[Result "1-0"]
[WhiteElo "1867"]
[BlackElo "1471"]
[PlyCount "97"]
[EventDate "2013.09.27"]
[EventType "tourn"]
[EventRounds "13"]
[EventCountry "SRI"]
[SourceTitle "CBM 156 Extra"]
[Source "ChessBase"]
[SourceDate "2013.10.22"]
[SourceVersion "1"]
[SourceVersionDate "2013.10.22"]
[SourceQuality "1"]

1. c4 e6 2. Nf3 d5 3. e3 Nf6 4. b3 c6 5. Bb2 Be7 6. Nc3 Nbd7 7. d4 Bb4 8. Bd3 Qc7 9. 0-0 0-0 10. Rc1 a5 11. Na4 Be7 12. Ne5 Ne8 13. f4 f5 14. g4 fxg4 15. Qxg4 Ndf6 16. Qg2 Nd6 17. Rf3 Nde4 18. c5 Bd8 19. Nb6 Ra7 20. Kf1 Kh8 21. Ke2 Bd7 22. Nbxd7 Nxd7 23. Bxe4 dxe4 24. Rh3 Nxe5 25. dxe5 Qf7 26. Qxe4 Qf5 27. Qxf5 Rxf5 28. Rd1 Rf8 29. Rd7 Kg8 30. Rg3 g6 31. Rh3 h5 32. Rg3 g5 33. fxg5 a4 34. b4 h4 35. Rg4 Ra8 36. Rxh4 b5 37. Rhh7 Rf5 38. h4 Rc8 39. g6 Ra8 40. h5 Rc8 41. Rdg7+ Kf8 42. h6 Ke8 43. Rh8+ Rf8 44. Rxf8+ Kxf8 45. Rf7+ Kg8 46. h7+ Kh8 47. Rf8+ Kg7 48. h8Q+ Kxg6 49. e4 1-0